000 00641nam a2200193Ia 4500
003 GCL
008 140319s9999 xx 000 0 ara d
040 _aGCL /
_cGCL
082 0 4 _a621.38
_bا ت
100 1 _aامين فهمى
245 1 0 _aتصميم الستيريو: التركيب البنائى للاجهزة /
_cامين فهمى
260 _a[S.N] :
_bدار الراتب الجامعية
300 _a79 ص
490 _aموسوعة عالم الالكترونيات
_v0
650 0 4 _aالاجهزة الصوتية
650 0 4 _aالتسجيلات الصوتية
650 0 4 _aاجهزة التسجيل
942 _2ddc
_cBK
999 _c51968
_d51968